000 00464nam a22001577a 4500
005 20260327110724.0
008 260327b |||||||| |||| 00| 0 eng d
020 _a978-3642-1445-16
050 _aQA76.9 .C67 T69 2010
100 _aAHMAD-REZA SADEGHI
245 _aTOWARDS HARDWARE INTRINSIC SECURITY
260 _aNEWYORK
_bSPRINGER
_c2010
300 _aX,407
650 _aComputer security -hardware-Cryptography -hardware implementation
942 _2lcc
_cBK
999 _c216879
_d216879